Prace Instytutu ekonomiki obrotu towarowego zeszyt poswiecony profesorowi Eugeniuszowi Garbacikowi w 45-lecie pracy naukowej

Gespeichert in:
Bibliographische Detailangaben
Format: Buch
Sprache:Polnisch
Veröffentlicht: Kraków Akademia ekonomiczna 1984
Schriftenreihe:Zeszyty naukowe nr. 182
Tags: Tag hinzufügen
Keine Tags, Fügen Sie das erste Tag hinzu!

MARC

LEADER 00000nam a2200000 4500
001 c114225
005 20150303151505.4
041 0 |a pol 
044 |a PL 
245 1 0 |a Prace Instytutu ekonomiki obrotu towarowego  |b zeszyt poswiecony profesorowi Eugeniuszowi Garbacikowi w 45-lecie pracy naukowej 
264 1 |a Kraków  |b Akademia ekonomiczna  |c 1984 
300 |a 214 s. 
490 1 |a Zeszyty naukowe  |v nr. 182 
830 0 |a Zeszyty naukowe  |v nr. 182